<?xml version="1.0" encoding="UTF-8"?>
<collection xmlns="http://www.loc.gov/MARC21/slim">
 <record>
  <leader>00900pamaa2200217   4500</leader>
  <controlfield tag="001">0000053778</controlfield>
  <controlfield tag="005">20151221090000.0</controlfield>
  <controlfield tag="008">151222s2008                             eng  </controlfield>
  <datafield tag="020" ind1=" " ind2=" ">
   <subfield code="a">9780736059671 </subfield>
  </datafield>
  <datafield tag="090" ind1="0" ind2="0">
   <subfield code="a">RC682 </subfield>
   <subfield code="b">POL 2008</subfield>
  </datafield>
  <datafield tag="245" ind1="1" ind2="0">
   <subfield code="a">Pollock's textbook of cardiovascular disease and rehabilitation  </subfield>
   <subfield code="c">J. Larry Durstine ... [et al.], [editors].</subfield>
  </datafield>
  <datafield tag="260" ind1=" " ind2=" ">
   <subfield code="a">Champaign, IL: </subfield>
   <subfield code="b">Human Kinetics, </subfield>
   <subfield code="c">2008.</subfield>
  </datafield>
  <datafield tag="300" ind1=" " ind2=" ">
   <subfield code="a">xx, 411 p.: </subfield>
   <subfield code="b">ill.; </subfield>
   <subfield code="c">28 cm.</subfield>
  </datafield>
  <datafield tag="500" ind1=" " ind2=" ">
   <subfield code="a">Based on: Heart disease and rehabilitation / Michael L. Pollock, Donald H. Schmidt, editors. 3rd ed. c1995</subfield>
  </datafield>
  <datafield tag="501" ind1="0" ind2="0">
   <subfield code="a">FHS</subfield>
  </datafield>
  <datafield tag="504" ind1=" " ind2=" ">
   <subfield code="a">Includes bibliographical references (p. 358-396) and index</subfield>
  </datafield>
  <datafield tag="600" ind1=" " ind2=" ">
   <subfield code="a">Pollock, </subfield>
   <subfield code="h">Michael L.</subfield>
  </datafield>
  <datafield tag="650" ind1="0" ind2="0">
   <subfield code="a">Cardiovascular Diseases -- </subfield>
   <subfield code="x">rehabilitation </subfield>
  </datafield>
  <datafield tag="650" ind1="0" ind2="0">
   <subfield code="a">Heart -- </subfield>
   <subfield code="x">Diseases -- </subfield>
   <subfield code="x">Patients -- </subfield>
   <subfield code="x">Rehabilitation </subfield>
  </datafield>
  <datafield tag="700" ind1="1" ind2="0">
   <subfield code="a">Durstine, </subfield>
   <subfield code="h">J. Larry </subfield>
  </datafield>
  <datafield tag="901" ind1=" " ind2=" ">
   <subfield code="u">http://www.HumanKineticsc.com</subfield>
  </datafield>
 </record>
</collection>
